000 00736nam a2200229 i 4500
001 89968
003 ES-MaACL
005 20230906180319.0
007 t|
008 050117s1968 sp ||||1| spa d
080 _a332.453.6(73:4)
100 1 _aLayton, Christopher.
_970770
245 1 0 _aEuropa y las inversiones americanas /
_cChristopher Layton ; versión española de José María de Zunzunegui.
260 _aMadrid :
_bTaurus,
_c[1968]
300 _a257 p. ;
_c18 cm.
490 1 _aSer y tiempo ;
_v39
650 1 4 _aInversiones americanas-
_zEuropa.
_913887
700 1 _aZunzunegui, José María de.
_9118510
830 0 _aSer y tiempo ;
_v39
_9182364
852 _aES-MaACL
_jC-56817
_bR.67791
999 _c89968
_d89968